000 00579nam a22001577a 4500
082 _a891.4392
_bYAL
100 _aYaldram, Sajjad Haider
245 _aKhialistan: Mukhtasir Afsanon ka Majmua /
_cSajjad Haider Yaldram
260 _aLahore:
_bSang-e-Meel Publications,
_c2006.
300 _a176p. ;
563 _aHB
650 _aUrdu fiction — Short stories
_9129521
880 _6100-01\(3\r
_aسجاد حیدر یلدرم
880 _6245-02\(3\r
_aخیالیستان: مختصر افسانوں کا مجموعہ \ سجاد حیدر یلدرم
942 _2ddc
_cBK
999 _c614264
_d614264